[Event "Tourn. n9364"]
[Site "www.chess-mail.com"]
[Date "2017.09.10"]
[Round "1"]
[White "Seger"]
[Black "Szustan"]
[WhiteElo "2650"]
[BlackElo "2550"]
[Result "1-0"]
[Round "1"]
1.d4 d5
2.c4 dxc4
3.e3 Ng8f6
4.Bf1xc4 e6
5.Ng1f3 c5
6.O-O a6
7.dxc5 Qd8xd1
8.Rf1xd1 Bf8xc5
9.a3 b5
10.Bc4e2 Bc8b7
11.a4 b4
12.a5 O-O
13.Bc1d2 Rf8d8
14.Bd2e1 Rd8xd1
15.Be2xd1 Nb8d7
16.Nb1d2 Ra8c8
17.Nd2c4 Bb7d5
18.Bd1e2 h6
19.Nc4e5 Nd7xe5
20.Nf3xe5 Bc5d6
21.Ne5d3 b3
22.f3 Rc8c6
23.Be1b4 Bd6b8
24.e4 Bd5c4
25.Ra1c1 Nf6d7
26.Kf2 Bb8a7
27.Ke1 Ba7g1
28.Bb4a3 Bg1e3
29.Nd3b4 Be3xc1
30.Nb4xc6 Bc4xe2
31.Kxe2 Bc1f4
32.g3 Bf4c7
33.Kd3 g5
34.Kc4 f5
35.exf5 exf5
36.Kxb3 Kf7
37.Kc4 Bc7xa5
38.Nc6xa5 Nd7e5
39.Kc5 Ne5xf3
40.Kb6 f4
41.Kxa6 Nf3xh2
42.gxf4 gxf4
43.b4 f3
44.Na5c4 f2
45.Nc4e3 { resign }
1-0

[Event "Tourn. n9385"]
[Site "www.chess-mail.com"]
[Date "2017.09.10"]
[Round "1"]
[White "Bjonil60"]
[Black "Theos666"]
[WhiteElo "1500"]
[BlackElo "1370"]
[Result "1-0"]
[Round "1"]
1.d4 d5
2.Ng1f3 Nb8c6
3.e3 Ng8f6
4.Bf1d3 Bc8g4
5.Bd3e2 Qd8b8
6.Nf3d2 Bg4xe2
7.Qd1xe2 g6
8.O-O Bf8h6
9.Nb1c3 O-O
10.a3 Qb8c8
11.g3 Qc8d7
12.b3 Ra8c8
13.b4 b6
14.Nd2b3 Rc8e8
15.f3 e5
16.dxe5 Re8xe5
17.f4 Re5f5
18.e4 Rf5h5
19.h4 Qd7e7
20.e5 Nf6e4
21.Nc3xe4 a6
22.Bc1e3 f6
23.g4 f5
24.Ne4g3 fxg4
25.Qe2xg4 Rf8e8
26.Rf1d1 Qe7e6
27.Qg4f3 Re8d8
28.c3 Rh5xh4
29.Ra1c1 Qe6f7
30.Rd1d2 Nc6e7
31.Nb3d4 g5
32.f5 c5
33.Nd4b3 c4
34.Nb3d4 g4
35.Qf3f2 Bh6xe3
36.Qf2xe3 Rd8f8
37.e6 Qf7f6
38.Rc1f1 Rf8c8
39.b5 a5
40.a4 Rh4h6
41.Rd2h2 Rh6xh2
42.Kxh2 Qf6h4
43.Kg2 Kg7
44.Qe3e5 Kh6
45.f6 Ne7g8
46.Nd4f5 { resign }
1-0

[Event "Tourn. n9521"]
[Site "www.chess-mail.com"]
[Date "2017.09.10"]
[Round "1"]
[White "Caspito"]
[Black "Heaven"]
[WhiteElo "1880"]
[BlackElo "1629"]
[Result "1-0"]
[Round "1"]
1.e4 d5
2.e5 Bc8d7
3.d4 e6
4.Ng1f3 f5
5.Bc1f4 Bf8e7
6.b3 c5
7.c3 h6
8.a4 a5
9.Nb1a3 g5
10.Bf4c1 g4
11.Nf3d2 cxd4
12.cxd4 Be7xa3
13.Bc1xa3 { resign }
1-0

[Event "Tourn. n9497"]
[Site "www.chess-mail.com"]
[Date "2017.09.10"]
[Round "1"]
[White "Prize64"]
[Black "Welberth"]
[WhiteElo "1740"]
[BlackElo "1900"]
[Result "0-1"]
[Round "1"]
1.e4 e5
2.f4 exf4
3.Ng1f3 g5
4.d4 d6
5.Bf1c4 Bc8e6
6.Bc4xe6 fxe6
7.h4 g4
8.Nf3g5 h5
9.Bc1xf4 Nb8c6
10.Ng5xe6 Qd8d7
11.Ne6xf8 Kxf8
12.O-O Ke8
13.c3 Ng8e7
14.Bf4g5 Rh8f8
15.Nb1d2 Ne7g6
16.Qd1b3 Ra8b8
17.Rf1xf8 Ng6xf8
18.Ra1f1 Qd7g7
19.Qb3b5 a6
20.Qb5f5 Nc6e7
21.Bg5xe7 Kxe7
22.Qf5xh5 Nf8e6
23.Nd2c4 Rb8h8
24.Rf1f7 Qg7xf7
25.Qh5xh8 g3
{ resign }
0-1

[Event "Tourn. n9459"]
[Site "www.chess-mail.com"]
[Date "2017.09.10"]
[Round "1"]
[White "Ditto"]
[Black "Picifarkinca"]
[WhiteElo "1850"]
[BlackElo "1940"]
[Result "1/2-1/2"]
[Round "1"]
1.e4 e5
2.Ng1f3 Ng8f6
3.Bf1c4 Nb8c6
4.d3 h6
5.Nb1c3 Bf8b4
6.Bc1d2 d6
7.O-O O-O
8.a3 Bb4xc3
9.Bd2xc3 Qd8e7
10.Nf3h4 Nf6xe4
11.dxe4 Qe7xh4
12.Qd1f3 Qh4g4
13.Qf3xg4 Bc8xg4
14.Bc4d5 Nc6d8
15.f3 Bg4d7
16.Bc3a5 c6
17.Bd5b3 Bd7e6
18.Ba5xd8 Be6xb3
19.Bd8e7 Rf8e8
20.Be7xd6 Bb3xc2
21.Ra1c1 Bc2d3
22.Rf1d1 Bd3a6
23.Bd6b4 Ra8d8
{ draw }
1/2-1/2

[Event "Tourn. n9476"]
[Site "www.chess-mail.com"]
[Date "2017.09.10"]
[Round "1"]
[White "Vios"]
[Black "Passaroa25"]
[WhiteElo "1729"]
[BlackElo "1670"]
[Result "1/2-1/2"]
[Round "1"]
1.e4 c6
2.d4 d6
3.c4 e6
4.Nb1c3 Ng8e7
5.f4 Ne7g6
6.Ng1f3 f6
7.Bc1e3 Nb8d7
8.h4 h5
9.Bf1d3 Ng6e7
10.Qd1e2 b6
11.O-O-O g6
12.e5 dxe5
13.fxe5 Bf8g7
14.Nc3e4 Bc8b7
15.Ne4d6 Kf8
16.Nd6xb7 Qd8c7
17.Nb7d6 f5
18.Nf3g5 Nd7xe5
19.Ng5xe6 Kg8
20.Ne6xc7 Ne5xd3
21.Qe2xd3 Ra8d8
22.c5 { draw }
1/2-1/2

[Event "Tourn. n9514"]
[Site "www.chess-mail.com"]
[Date "2017.09.10"]
[Round "1"]
[White "Claymil"]
[Black "Nulladies"]
[WhiteElo "2060"]
[BlackElo "1960"]
[Result "1-0"]
[Round "1"]
1.c4 c5
2.g3 g6
3.Nb1c3 Bf8g7
4.Bf1g2 Nb8c6
5.e3 Nc6e5
6.d3 Ra8b8
7.Ng1e2 Ng8f6
8.b3 O-O
9.Bc1b2 d6
10.O-O b6
11.f4 Ne5g4
12.Qd1d2 d5
13.cxd5 Bc8b7
14.e4 e5
15.h3 Ng4h6
16.g4 Nh6xg4
17.hxg4 Nf6xg4
18.fxe5 Qd8h4
19.Rf1f3 Bg7xe5
20.Rf3h3 Qh4f2
21.Kh1 Be5f4
22.Qd2xf4 Bb7c8
23.Qf4xb8 Ng4e3
24.Qb8g3 Qf2xe2
25.Nc3xe2 Bc8xh3
26.Bg2xh3 Ne3c2
27.Qg3e5 f6
28.Qe5e6 Kg7
29.Qe6e7 Rf8f7
30.Bb2xf6 { resign }
1-0

[Event "Tourn. n9498"]
[Site "www.chess-mail.com"]
[Date "2017.09.10"]
[Round "1"]
[White "Heaven"]
[Black "Passaroa25"]
[WhiteElo "1639"]
[BlackElo "1700"]
[Result "0-1"]
[Round "1"]
1.d3 c6
2.Bc1d2 d5
3.Nb1a3 Bc8e6
4.e3 f6
5.Bd2c3 Be6f7
6.b4 Nb8d7
7.Bc3b2 e5
8.Qd1d2 Ng8e7
9.g3 g5
10.g4 Nd7b6
11.Ra1b1 Bf8g7
12.d4 e4
13.Bf1g2 O-O
{ resign }
0-1

[Event "Tourn. n9436"]
[Site "www.chess-mail.com"]
[Date "2017.09.10"]
[Round "1"]
[White "Robinjut"]
[Black "Hansen"]
[WhiteElo "1640"]
[BlackElo "1550"]
[Result "1-0"]
[Round "1"]
1.e4 d5
2.e5 d4
3.Ng1f3 a6
4.d3 Bc8g4
5.h3 Bg4h5
6.g4 Bh5g6
7.Nb1d2 h5
8.g5 Nb8c6
9.a3 e6
10.Bf1g2 Ng8e7
11.O-O Ne7f5
12.Nd2e4 b5
13.Bc1f4 b4
14.a4 Qd8d5
15.b3 h4
16.Qd1d2 Bg6h5
17.Rf1e1 f6
18.exf6 e5
19.fxg7 Bf8xg7
20.Ne4f6 Bg7xf6
21.gxf6 e4
22.Re1xe4 Kf7
23.Nf3g5 Kxf6
24.Re4e6 Qd5xe6
25.Ng5xe6 Kxe6
26.Bg2xc6 Ra8g8
27.Kf1 a5
28.Ra1e1 Kf6
29.Bf4e5 Kf7
30.Be5xh8 Rg8xh8
31.Qd2f4 Bh5g6
32.Qf4xc7 Kf6
33.Qc7e5 Kg5
34.Qe5xh8 Kf4
35.Qh8e5 Kg5
36.Re1e4 Kh6
37.Qe5f6 Kh5
38.Qf6h8 Kg5
39.Re4g4 { resign }
1-0

[Event "Tourn. n9492"]
[Site "www.chess-mail.com"]
[Date "2017.09.10"]
[Round "1"]
[White "Stepanpech"]
[Black "Ejner"]
[WhiteElo "2570"]
[BlackElo "2370"]
[Result "0-1"]
[Round "1"]
1.e4 e6
2.d4 d5
3.Nb1c3 Bf8b4
4.e5 b6
5.Qd1g4 Bb4f8
6.Ng1f3 Qd8d7
7.Bf1d3 { time. }
0-1

[Event "Tourn. n9434"]
[Site "www.chess-mail.com"]
[Date "2017.09.10"]
[Round "1"]
[White "Picifarkinca"]
[Black "Falcoale"]
[WhiteElo "2030"]
[BlackElo "2050"]
[Result "1-0"]
[Round "1"]
1.d4 Ng8f6
2.Bc1g5 h6
3.Bg5xf6 exf6
4.e4 b6
5.g3 Bc8b7
6.Bf1g2 Bf8e7
7.Nb1d2 O-O
8.Ng1e2 Nb8c6
9.O-O a5
10.c3 d6
11.Nd2c4 Bb7a6
12.Nc4e3 Ra8b8
13.e5 Ba6b7
14.f4 Rf8e8
15.Ne3f5 Be7f8
16.Qd1a4 Nc6a7
17.Ra1d1 Bb7xg2
18.Kxg2 Qd8c8
19.Nf5e3 Qc8a6
20.Ne2c1 dxe5
21.dxe5 Bf8c5
22.Qa4e4 Na7b5
23.Rf1e1 fxe5
24.fxe5 Nb5d6
25.Qe4f3 Nd6b7
26.Rd1d7 Re8e7
27.Rd7xe7 Bc5xe7
28.Re1f1 Rb8f8
29.Ne3d5 Be7g5
30.Nc1d3 c6
31.Nd5f4 c5
32.h4 Bg5e7
33.Nf4d5 Be7d8
34.e6 Bd8f6
35.e7 Bf6xe7
36.Nd5xe7 Kh8
37.Ne7g6 Kg8
38.Ng6xf8 { resign }
1-0

[Event "Match"]
[Site "www.echecsemail.com"]
[Date "2017.09.10"]
[Round "1"]
[White "Micheles"]
[Black "Heaven"]
[WhiteElo "2520"]
[BlackElo "1589"]
[Result "1-0"]
[Round "1"]
1.d4 d5
2.Ng1f3 Ng8f6
3.Bc1g5 Bc8g4
4.Nb1d2 Nf6e4
5.Bg5h4 Bg4xf3
6.exf3 Ne4xd2
7.Qd1xd2 c6
8.O-O-O f6
9.Bf1d3 g5
10.Bh4g3 Kf7
11.h4 h6
12.hxg5 fxg5
13.Bg3e5 Bf8g7
14.Be5xg7 Kxg7
15.Rh1xh6 Kxh6
16.Rd1h1 Kg7
17.Qd2xg5 { resign }
1-0

[Event "Match"]
[Site "www.echecsemail.com"]
[Date "2017.09.10"]
[Round "1"]
[White "Michel93"]
[Black "Irene"]
[WhiteElo "1809"]
[BlackElo "2110"]
[Result "1-0"]
[Round "1"]
1.d4 d5
2.c4 dxc4
3.e4 Nb8c6
4.Ng1f3 b5
5.a4 Ra8b8
6.axb5 Nc6b4
7.Bf1xc4 Bc8g4
8.Nf3e5 Bg4xd1
9.Bc4xf7 
1-0

[Event "Match"]
[Site "www.echecsemail.com"]
[Date "2017.09.10"]
[Round "1"]
[White "Heaven"]
[Black "Llord"]
[WhiteElo "1589"]
[BlackElo "1900"]
[Result "0-1"]
[Round "1"]
1.d4 Ng8f6
2.b3 Nb8c6
3.Bc1b2 e6
4.c3 Bf8d6
5.f3 O-O
6.Nb1d2 e5
7.dxe5 Bd6xe5
8.e4 d6
9.Ng1e2 Nf6d7
10.g3 g6
11.Nd2c4 Be5g7
12.Qd1d2 Nc6e5
13.O-O-O Ne5xf3
14.Qd2d3 Nf3e5
15.Nc4xe5 Nd7xe5
16.Qd3e3 Ne5g4
17.Qe3f3 b6
18.e5 Ng4xe5
19.Qf3xa8 Rf8e8
20.Qa8xa7 Ne5g4
{ resign }
0-1

[Event "Match"]
[Site "www.echecsemail.com"]
[Date "2017.09.10"]
[Round "1"]
[White "Fedallah"]
[Black "Jaguar91"]
[WhiteElo "2270"]
[BlackElo "2220"]
[Result "0-1"]
[Round "1"]
1.e4 e6
2.d4 d5
3.Nb1c3 Ng8f6
4.e5 Nf6d7
5.f4 c5
6.Ng1f3 Nb8c6
7.Bc1e3 Qd8b6
8.Nc3a4 Qb6a5
9.c3 cxd4
10.Nf3xd4 Nc6xd4
11.Be3xd4 b5
12.Na4c5 Bf8xc5
13.Bd4xc5 Nd7xc5
14.b4 Qa5a3
{ resign }
0-1

[Event "Match"]
[Site "www.echecsemail.com"]
[Date "2017.09.10"]
[Round "1"]
[White "Cal"]
[Black "Heaven"]
[WhiteElo "1660"]
[BlackElo "1499"]
[Result "1-0"]
[Round "1"]
1.c4 c5
2.e3 g6
3.h3 b6
4.Ng1f3 Bc8b7
5.Nb1c3 Bb7c6
6.d4 Bc6xf3
7.Qd1xf3 Nb8c6
8.d5 Nc6b4
9.Kd2 f5
10.a3 Nb4a6
11.b3 e6
12.dxe6 dxe6
13.Bf1d3 Bf8g7
14.Bc1b2 Ng8e7
15.Nc3d1 Bg7xb2
16.Nd1xb2 Qd8d7
17.Ra1d1 Ne7c6
18.Ke2 Ra8d8
19.Rd1d2 Nc6e5
20.Qf3g3 Qd7d6
21.f4 Ne5xd3
22.Rd2xd3 Qd6c7
23.Rh1d1 Rd8xd3
24.Rd1xd3 O-O
25.Nb2d1 Rf8d8
26.Nd1f2 Na6b8
27.h4 Qc7e7
28.h5 Rd8xd3
29.Nf2xd3 Qe7f6
30.Nd3e5 Kg7
31.b4 cxb4
32.axb4 Kh6
33.hxg6 { resign }
1-0

[Event "1/8 Finale"]
[Site "www.chess-mail.com"]
[Date "2017.09.10"]
[Round "1"]
[White "Stepanpech"]
[Black "Asoka"]
[WhiteElo "2570"]
[BlackElo "2740"]
[Result "0-1"]
[Round "1"]
1.d4 Ng8f6
2.c4 e6
3.Nb1c3 Bf8b4
4.Qd1c2 d5
5.cxd5 exd5
6.Bc1g5 O-O
7.e3 h6
8.Bg5xf6 Qd8xf6
9.a3 Bc8f5
10.Bf1d3 Bb4xc3
11.Qc2xc3 Bf5xd3
12.Qc3xd3 Qf6g5
13.g3 Nb8d7
14.Ng1h3 Qg5f6
15.O-O { time. }
0-1

[Event "Fast Game"]
[Site "www.echecsemail.com"]
[Date "2017.09.10"]
[Round "1"]
[White "Begory"]
[Black "Cjood"]
[WhiteElo "1449"]
[BlackElo "1640"]
[Result "0-1"]
[Round "1"]
1.d4 Ng8f6
2.Bc1f4 d5
3.Nb1c3 Bc8f5
4.Nc3b5 Nb8a6
5.e3 c6
6.Nb5c3 Na6b4
7.Bf1d3 Bf5xd3
8.cxd3 h6
9.Qd1b3 Nb4xd3
10.Kd2 Nd3xf2
11.Qb3xb7 Nf2xh1
12.Qb7xc6 Nf6d7
13.Ng1f3 Nh1f2
14.Ke2 Nf2g4
15.h3 Ng4f6
16.Nc3xd5 Nf6xd5
17.Qc6xd5 e6
18.Qd5b5 g5
19.Nf3e5 gxf4
20.exf4 Bf8g7
21.Ra1c1 f6
22.Ne5c6 Qd8c8
23.Rc1c3 a6
24.Qb5c4 Kf7
25.f5 Rh8e8
26.fxe6 Re8xe6
27.Nc6e5 fxe5
28.Qc4xc8 exd4
{ resign }
0-1

[Event "Tourn. n9495"]
[Site "www.chess-mail.com"]
[Date "2017.09.11"]
[Round "1"]
[White "Attatroll"]
[Black "Falcoale"]
[WhiteElo "2000"]
[BlackElo "2040"]
[Result "0-1"]
[Round "1"]
1.d4 Ng8f6
2.c4 b6
3.Nb1c3 Bc8b7
4.f3 e6
5.e4 Bf8b4
6.Bc1g5 h6
7.Bg5h4 Bb4e7
8.Bf1d3 d6
9.Ng1e2 O-O
10.O-O Nb8a6
11.a3 Rf8e8
12.Qd1c2 c5
13.d5 exd5
14.exd5 Nf6d7
15.Bh4g3 Nd7e5
16.Bg3xe5 dxe5
17.Nc3b5 Be7f6
18.f4 Na6c7
19.a4 Nc7xb5
20.axb5 exf4
21.Ne2xf4 Qd8d6
22.Ra1e1 Re8xe1
23.Rf1xe1 Qd6xf4
24.Re1f1 Qf4d4
25.Kh1 Qd4xb2
{ resign }
0-1

[Event "Tourn. n9500"]
[Site "www.chess-mail.com"]
[Date "2017.09.11"]
[Round "1"]
[White "Cjood"]
[Black "Vios"]
[WhiteElo "1900"]
[BlackElo "1979"]
[Result "0-1"]
[Round "1"]
1.e4 c6
2.b4 e5
3.c3 d5
4.exd5 cxd5
5.Ng1f3 Bf8d6
6.Qd1e2 Qd8e7
7.d3 Bc8g4
8.h3 Bg4h5
9.g4 Bh5g6
10.Bf1g2 Nb8d7
11.Bc1g5 f6
12.Bg5e3 a6
13.a3 Ra8c8
14.O-O Qe7e6
15.Rf1e1 Ng8e7
16.Nf3h4 Bg6f7
17.a4 O-O
18.Be3f4 g5
19.Bf4g3 gxh4
20.Bg3xh4 Ne7g6
21.Bh4g3 f5
22.gxf5 Qe6xf5
23.Qe2g4 Bf7e6
24.Qg4xf5 Rf8xf5
25.f4 Ng6xf4
26.Bg3xf4 Rf5xf4
27.d4 e4
28.Ra1a3 Kh8
29.Nb1d2 Rc8g8
30.Re1e3 Nd7f6
31.Nd2f1 Rf4f3
32.Ra3a2 Bd6f4
33.Re3e2 Rf3xc3
34.Kh1 Be6xh3
35.Bg2xh3 Rc3xh3
36.Nf1h2 Nf6g4
37.Re2g2 Ng4xh2
38.Rg2xh2 Rh3xh2
{ resign }
0-1

[Event "Tourn. n9520"]
[Site "www.chess-mail.com"]
[Date "2017.09.11"]
[Round "1"]
[White "Fantomas"]
[Black "Cjood"]
[WhiteElo "2220"]
[BlackElo "2000"]
[Result "1-0"]
[Round "1"]
1.Ng1f3 g6
2.e4 Bf8g7
3.d4 d5
4.e5 c5
5.c3 c4
6.b3 cxb3
7.axb3 Nb8c6
8.Nb1a3 a6
9.Bf1e2 Bg7h6
10.Na3c2 Bh6xc1
11.Qd1xc1 f6
12.Qc1e3 Bc8f5
13.Ra1c1 Bf5xc2
14.Rc1xc2 Qd8b6
15.b4 h5
16.O-O h4
17.Be2d3 Kf7
18.Qe3f4 h3
19.Nf3g5 Ke8
20.Bd3xg6 Kd7
21.Ng5xh3 fxe5
22.dxe5 Ng8h6
23.Rf1e1 Ra8f8
24.e6 Kd8
25.Qf4e3 Qb6c7
26.f3 Kc8
27.Re1b1 b5
28.Rb1d1 Rf8f6
29.Bg6f7 Nh6xf7
30.exf7 Rf6xf7
31.Qe3e6 { resign }
1-0

[Event "Tourn. n9511"]
[Site "www.chess-mail.com"]
[Date "2017.09.11"]
[Round "1"]
[White "Cjood"]
[Black "Falcoale"]
[WhiteElo "1970"]
[BlackElo "1990"]
[Result "0-1"]
[Round "1"]
1.Ng1f3 c5
2.g3 Nb8c6
3.Bf1g2 Ng8f6
4.d4 cxd4
5.Nf3xd4 e6
6.Nd4xc6 bxc6
7.O-O Ra8b8
8.e4 e5
9.b3 Bf8e7
10.Bc1b2 d6
11.c4 O-O
12.Nb1c3 Bc8b7
13.f4 exf4
14.Rf1xf4 Nf6d7
15.Qd1g4 Nd7e5
16.Qg4e2 Ne5g6
17.Rf4f1 Bb7a6
18.Ra1d1 Ng6e5
19.Qe2h5 Ba6c8
20.h3 Be7f6
21.c5 g6
22.Qh5h6 Bf6g7
23.Qh6d2 Bc8a6
24.Rf1f3 Ne5xf3
25.Bg2xf3 dxc5
26.Qd2e3 Qd8b6
27.Nc3a4 Qb6a5
28.Bb2xg7 Kxg7
29.Qe3xc5 Ba6b5
30.Qc5e5 Kg8
31.Bf3h5 Rb8e8
32.Qe5f6 Bb5xa4
33.g4 gxh5
34.bxa4 Re8e6
35.Qf6h4 hxg4
36.hxg4 Re6g6
37.Kg2 Qa5xa4
38.Rd1h1 Qa4xe4
39.Kg3 Rg6g7
{ resign }
0-1

[Event "Tourn. n9468"]
[Site "www.chess-mail.com"]
[Date "2017.09.11"]
[Round "1"]
[White "Cjood"]
[Black "Sorim"]
[WhiteElo "1980"]
[BlackElo "1940"]
[Result "0-1"]
[Round "1"]
1.g3 d5
2.c3 Ng8f6
3.d4 c5
4.dxc5 a5
5.Bc1f4 Nb8c6
6.e3 h6
7.Bf1g2 e6
8.Ng1e2 Bf8xc5
9.e4 O-O
10.exd5 Nf6xd5
11.Bg2xd5 exd5
12.Nb1d2 Qd8b6
13.O-O Bc8h3
14.Rf1e1 Bc5xf2
15.Kh1 Bf2xe1
16.Qd1xe1 Rf8e8
17.c4 Nc6d4
18.Qe1f2 Re8xe2
19.Qf2g1 Bh3g2
20.Qg1xg2 Re2xg2
21.Kxg2 Qb6xb2
22.Ra1e1 dxc4
23.Kh3 c3
24.Nd2c4 Qb2xa2
25.Nc4d6 Nd4f3
{ resign }
0-1

[Event "Tourn. n9506"]
[Site "www.chess-mail.com"]
[Date "2017.09.11"]
[Round "1"]
[White "Luban"]
[Black "Cjood"]
[WhiteElo "2100"]
[BlackElo "1950"]
[Result "1/2-1/2"]
[Round "1"]
1.d4 c5
2.e3 cxd4
3.exd4 e5
4.dxe5 Qd8a5
5.Bc1d2 Qa5xe5
6.Qd1e2 Qe5xe2
7.Bf1xe2 Nb8c6
8.Ng1f3 Bf8c5
9.O-O Nc6d4
10.Nf3xd4 Bc5xd4
11.Bd2c3 Bd4xc3
12.Nb1xc3 Ng8f6
13.Be2f3 a6
14.Rf1e1 Kd8
15.Ra1d1 Rh8e8
16.Nc3e4 Nf6xe4
17.Re1xe4 Re8xe4
18.Bf3xe4 g6
19.c4 Ra8b8
20.Be4d5 Ke8
21.Rd1e1 Kf8
22.Re1e3 d6
23.b4 b5
24.c5 dxc5
25.bxc5 Bc8f5
26.c6 Rb8c8
27.Re3a3 Rc8e8
28.h3 Re8e5
29.Bd5b3 Bf5c8
30.Ra3a5 Re5c5
31.a4 Rc5xc6
32.axb5 Rc6b6
33.bxa6 Rb6xa6
{ draw }
1/2-1/2

[Event "Tourn. n9524"]
[Site "www.chess-mail.com"]
[Date "2017.09.11"]
[Round "1"]
[White "Luban"]
[Black "Cjood"]
[WhiteElo "2140"]
[BlackElo "2000"]
[Result "1-0"]
[Round "1"]
1.d4 c6
2.c4 b5
3.e3 Bc8a6
4.cxb5 Ba6xb5
5.Bf1xb5 cxb5
6.a3 g6
7.b4 Bf8g7
8.Bc1b2 d5
9.Ng1f3 Qd8c7
10.Nb1c3 Qc7c6
11.Ra1c1 Qc6b7
12.Qd1c2 e6
13.Nc3xb5 Qb7xb5
14.Qc2c8 Ke7
15.Rc1c7 Kf6
16.Qc8d8 Kf5
17.Qd8g5 { resign }
1-0

[Event "Tourn. n9427"]
[Site "www.chess-mail.com"]
[Date "2017.09.11"]
[Round "1"]
[White "Pdebonis"]
[Black "Gvladutz"]
[WhiteElo "2700"]
[BlackElo "2229"]
[Result "1-0"]
[Round "1"]
1.e4 c6
2.d4 d5
3.e5 Bc8f5
4.Ng1f3 e6
5.Bf1e2 c5
6.Bc1e3 Ng8e7
7.dxc5 Nb8d7
8.Nf3d4 Bf5g6
9.O-O Nd7xe5
10.Nb1a3 Ne7c6
11.c4 Nc6xd4
12.Be3xd4 Ne5c6
13.Qd1a4 Qd8h4
14.Qa4b5 O-O-O
15.Bd4c3 Bg6e4
16.Rf1e1 Qh4g5
17.Be2f1 a6
18.Qb5b6 d4
19.Bc3a5 Nc6xa5
20.Qb6xa5 Be4g6
21.b4 d3
22.Ra1d1 d2
23.Re1e3 Qg5f4
24.c6 Qf4c7
25.cxb7 Kxb7
26.Qa5a4 Qc7d7
27.Qa4b3 Bf8e7
28.c5 Qd7c7
29.Qb3a4 Qc7c6
30.b5 Qc6xc5
31.Qa4xa6 Kb8
32.b6 Rd8d7
33.Rd1xd2 Rd7b7
34.Na3c4 Bg6e4
35.Re3xe4 Rh8d8
36.Rd2b2 Rd8d5
37.Nc4e3 Rd5d4
38.Re4xd4 Qc5xd4
39.Ne3c4 Be7d8
40.Nc4a5 Rb7xb6
41.Rb2xb6 Qd4xb6
42.Na5c6 Kc7
43.Qa6xb6 Kxb6
44.Nc6xd8 { resign }
1-0

[Event "Tourn. n9494"]
[Site "www.chess-mail.com"]
[Date "2017.09.11"]
[Round "1"]
[White "Cjood"]
[Black "Nulladies"]
[WhiteElo "1900"]
[BlackElo "1970"]
[Result "1-0"]
[Round "1"]
1.c4 b6
2.d4 Bc8b7
3.Nb1c3 Ng8f6
4.Bc1f4 d5
5.cxd5 Nf6xd5
6.Nc3xd5 Bb7xd5
7.f3 e6
8.Qd1c2 Bf8b4
9.Bf4d2 Qd8d6
10.e4 Bb4xd2
11.Qc2xd2 Bd5b7
12.a3 O-O
13.b4 Nb8d7
14.Bf1c4 Ra8d8
15.Ng1e2 Nd7f6
16.e5 Qd6c6
17.Ra1c1 Nf6d5
18.O-O b5
19.Bc4d3 Qc6a6
20.Rc1a1 f6
21.exf6 Rf8xf6
22.Ne2c3 Qa6b6
23.Nc3xb5 a6
24.Nb5c3 Nd5f4
25.Ra1d1 Nf4xd3
26.Qd2xd3 Rd8xd4
27.Qd3xd4 Qb6c6
28.Nc3e4 Rf6f8
29.Ne4g5 h6
30.Ng5e4 Qc6b6
31.Qd4xb6 cxb6
32.Ne4d6 Bb7c6
33.Nd6c4 Bc6b5
34.Rd1c1 Rf8c8
35.Nc4xb6 Bb5xf1
36.Rc1xc8 Kh7
37.Kxf1 Kg6
38.Rc8c6 Kf6
39.Nb6c4 { resign }
1-0

[Event "Tourn. n9515"]
[Site "www.chess-mail.com"]
[Date "2017.09.11"]
[Round "1"]
[White "Cjood"]
[Black "Francesco"]
[WhiteElo "2000"]
[BlackElo "2130"]
[Result "0-1"]
[Round "1"]
1.d4 d5
2.c4 c6
3.cxd5 cxd5
4.Nb1c3 Bc8g4
5.Qd1b3 Nb8c6
6.Bc1f4 e6
7.O-O-O b6
8.Nc3b5 Ra8c8
9.Kb1 Ng8f6
10.f3 Bg4f5
11.e4 dxe4
12.Ka1 exf3
13.gxf3 Bf8e7
14.Ng1e2 O-O
15.Ne2g3 Nc6a5
16.Qb3e3 Nf6d5
17.Qe3d2 Rc8c2
18.Qd2e1 Nd5xf4
19.Ng3xf5 exf5
20.Qe1g3 Nf4e6
21.Rh1g1 g6
22.Bf1d3 Be7h4
23.Qg3h3 Ne6f4
24.Qh3f1 Nf4xd3
25.Qf1xd3 Qd8c8
26.Nb5d6 Qc8c6
27.Nd6xf5 Bh4f6
28.Nf5e3 Rc2xh2
29.Ne3g4 Rh2h3
30.Rg1f1 Rf8d8
31.Ng4xf6 Qc6xf6
32.Kb1 Rh3h4
33.d5 Rh4h5
34.d6 Qf6f5
35.Rf1e1 Qf5xd3
36.Rd1xd3 Na5c4
37.d7 Nc4e5
38.Rd3d5 Ne5xd7
39.Rd5xh5 gxh5
{ resign }
0-1

[Event "Tourn. n9503"]
[Site "www.chess-mail.com"]
[Date "2017.09.11"]
[Round "1"]
[White "Cjood"]
[Black "Falcoale"]
[WhiteElo "1920"]
[BlackElo "2020"]
[Result "0-1"]
[Round "1"]
1.Ng1f3 c5
2.g3 Nb8c6
3.b3 Ng8f6
4.Bc1b2 d6
5.c4 e6
6.d3 Bf8e7
7.Nb1d2 O-O
8.e4 b6
9.Bf1e2 Bc8b7
10.Bb2c3 Qd8c7
11.Qd1c2 e5
12.O-O-O Nc6d4
13.Nf3xd4 cxd4
14.Bc3b2 a5
15.a4 Rf8c8
16.f4 Nf6d7
17.f5 Be7g5
18.h4 Bg5e3
19.g4 d5
20.exd5 Nd7b8
21.Kb1 Bb7xd5
22.Rh1f1 Nb8a6
23.Ka1 Na6b4
24.Qc2b1 Bd5c6
25.Nd2f3 f6
26.Bb2a3 Qc7d7
27.Qb1b2 Bc6xa4
28.bxa4 Qd7xa4
29.Qb2a2 Nb4c2
30.Kb2 b5
31.c5 Kh8
32.Qa2b3 Qa4xb3
33.Kxb3 b4
34.Kxc2 Rc8xc5
35.Kb2 bxa3
36.Kxa3 Rc5c3
37.Ka4 Ra8c8
38.Rd1b1 Rc3c2
39.Be2d1 Rc2c3
40.Nf3e1 Be3c1
41.Rb1b3 Rc3c5
42.Rf1f2 h6
43.Rf2c2 Rc5xc2
44.Ne1xc2 Bc1d2
45.Nc2a3 Bd2e1
46.Na3c4 e4
47.Nc4xa5 Rc8c1
48.dxe4 Rc1xd1
49.Na5c6 d3
50.Nc6d4 d2
51.Rb3a3 Rd1c1
52.Ra3d3 Rc1a1
53.Kb3 d1Q
54.Rd3xd1 Ra1xd1
55.Nd4c2 Be1xh4
56.Kc3 Rd1g1
57.Nc2e3 Bh4g5
58.Kd4 Bg5xe3
59.Kxe3 Rg1xg4
60.Kf3 Rg4g1
61.Kf2 Rg1g5
62.Kf3 h5
63.Kf2 h4
{ resign }
0-1

[Event "Tourn. n9506"]
[Site "www.chess-mail.com"]
[Date "2017.09.11"]
[Round "1"]
[White "Vios"]
[Black "Cjood"]
[WhiteElo "2010"]
[BlackElo "1940"]
[Result "1-0"]
[Round "1"]
1.e4 e5
2.f4 exf4
3.Ng1f3 Bf8c5
4.d4 Bc5b4
5.c3 Bb4e7
6.Bc1xf4 d6
7.Bf1c4 Be7h4
8.g3 Bh4e7
9.Qd1b3 Kf8
10.Bc4xf7 b6
11.Nb1d2 Ng8f6
12.O-O-O a5
13.a3 Bc8b7
14.Nf3g5 Bb7c8
15.e5 Nf6g4
16.Bf7g8 d5
17.Bg8xd5 a4
18.Qb3a2 Ra8a5
19.Bd5g8 Qd8e8
20.Rd1f1 Bc8f5
21.Bg8e6 g6
22.Be6xf5 Be7xg5
23.Bf5xg4 Bg5xf4
24.Rf1xf4 Kg7
25.Rh1f1 Kh6
26.Nd2e4 Nb8c6
27.Qa2c4 Nc6xd4
28.cxd4 { resign }
1-0

[Event "Match"]
[Site "www.echecsemail.com"]
[Date "2017.09.11"]
[Round "1"]
[White "Bojan"]
[Black "Cjood"]
[WhiteElo "1990"]
[BlackElo "1990"]
[Result "1-0"]
[Round "1"]
1.e4 c6
2.d4 e5
3.Ng1f3 exd4
4.Qd1xd4 Bf8e7
5.c3 Be7f6
6.e5 Bf6e7
7.Bf1c4 d5
8.exd6 Qd8xd6
9.Qd4xg7 Qd6f6
10.Qg7xf6 Ng8xf6
11.O-O Bc8f5
12.Nf3e5 Nf6d5
13.Rf1e1 O-O
14.Bc1h6 Rf8e8
15.Nb1d2 Nb8d7
16.Ne5xd7 Bf5xd7
17.Nd2f3 Be7d6
18.Bc4d3 Re8xe1
19.Ra1xe1 b5
20.Nf3g5 Bd6f4
21.g3 Bf4xg5
22.Bh6xg5 Kg7
23.c4 Nd5b4
24.Bd3f1 Nb4xa2
25.cxb5 cxb5
26.Bf1g2 Ra8c8
27.Re1e7 Rc8c7
28.Bg2d5 Kg6
29.Bg5f4 Kf6
30.Re7xf7 Kg6
31.Bd5xa2 Rc7b7
32.Ba2d5 Bd7c8
33.Bd5xb7 Kxf7
34.Bb7xc8 { resign }
1-0

[Event "Match"]
[Site "www.echecsemail.com"]
[Date "2017.09.11"]
[Round "1"]
[White "Azocarfreund"]
[Black "Cjood"]
[WhiteElo "1919"]
[BlackElo "2080"]
[Result "0-1"]
[Round "1"]
1.e4 e5
2.Ng1f3 Nb8c6
3.Bf1c4 Ng8f6
4.Nf3g5 d5
5.exd5 Nf6xd5
6.Ng5xf7 Kxf7
7.Qd1f3 Ke6
8.Qf3g4 Kd6
9.Qg4f3 Bc8e6
10.Qf3a3 Kd7
11.Qa3b3 Kc8
12.O-O Bf8c5
13.Bc4xd5 Be6xd5
14.Qb3h3 Kb8
15.Nb1c3 Bd5c4
16.d3 Bc4f7
17.Nc3e4 Bc5d4
18.Ne4g5 Bf7g6
19.c3 Bd4c5
20.Bc1e3 Bc5xe3
21.Ng5e6 Qd8d7
22.fxe3 b6
23.d4 exd4
24.Ra1d1 Rh8e8
25.Rf1f8 Re8xf8
26.cxd4 Bg6f5
27.Ne6xf8 Bf5xh3
28.Nf8xd7 Bh3xd7
29.d5 Nc6e5
30.e4 Kb7
31.Kf2 Ra8f8
32.Kg3 Ne5g4
33.h3 Ng4e3
34.Rd1e1 Ne3c4
35.b3 Nc4e5
36.a4 Ne5d3
37.Re1e3 Nd3c5
38.e5 g5
39.Kh2 Rf8e8
40.e6 Bd7c8
41.Re3g3 h6
42.Rg3c3 Nc5e4
43.Rc3c4 Ne4d6
44.Rc4c1 Nd6e4
45.Rc1c4 Ne4d6
46.Rc4c1 Bc8xe6
47.dxe6 Re8xe6
48.Kg3 Re6e3
49.Kg4 Re3xb3
50.Kh5 Rb3a3
51.Kxh6 Nd6e4
52.a5 Ra3xa5
53.Rc1e1 Ne4f2
54.Kg6 Ra5c5
55.Re1e2 Nf2d3
56.g4 Nd3f4
{ resign }
0-1

[Event "Match"]
[Site "www.echecsemail.com"]
[Date "2017.09.11"]
[Round "1"]
[White "Azorau"]
[Black "Paco"]
[WhiteElo "1860"]
[BlackElo "1970"]
[Result "0-1"]
[Round "1"]
1.e4 e5
2.Ng1f3 Nb8c6
3.Bf1c4 Ng8f6
4.Nf3g5 d5
5.exd5 Nf6xd5
6.d3 f6
7.Ng5f3 Qd8d6
8.O-O Bc8g4
9.h3 Bg4h5
10.Bc4b5 O-O-O
11.g4 Bh5g6
12.Bc1e3 Nd5f4
13.Bb5xc6 Qd6xc6
14.Be3xf4 exf4
15.Nb1c3 h5
16.Kg2 hxg4
17.hxg4 f5
18.Rf1h1 Rh8xh1
19.Qd1xh1 fxg4
20.Qh1d1 gxf3
21.Kf1 Bf8c5
22.Qd1d2 Rd8h8
23.Nc3e2 Rh8h1
24.Ne2g1 Qc6e6
25.Ra1e1 Qe6h3
{ resign }
0-1